[Event "C.to Europeo U18"]
[Site "Albena BUL"]
[Date "2011.09.19"]
[Round "8"]
[White "Talmazan, Oleg"]
[Black "Maurizio, Antonio"]
[Result "1-0"]
[WhiteElo "1964"]
[BlackElo "2028"]
[PlyCount "73"]
[EventDate "2011.09.11"]

1. e4 e6 2. d4 d5 3. Nc3 Nf6 4. Bg5 Bb4 5. e5 h6 6. Bd2 Bxc3 7. bxc3 Ne4 8. Qg4
g6 9. Bd3 Nxd2 10. Kxd2 c5 11. Nf3 Nc6 12. h4 c4 13. Be2 Qe7 14. Rhb1 b6 15. a4
Bd7 16. Qf4 Kd8 17. Nh2 g5 18. Qe3 f5 19. exf6 Qxf6 20. Ng4 Qf4 21. Rh1 Qxe3+
22. Kxe3 Ke7 23. Rh2 Kf7 24. Rah1 h5 25. hxg5 Kg6 26. Nf6 Nb8 27. Nxd7 Nxd7 28.
f4 a5 29. Bxh5+ Kg7 30. Bg4 Rxh2 31. Rxh2 Nf8 32. Rh6 Re8 33. Kd2 Re7 34. f5
exf5 35. Bxf5 Rf7 36. g4 Rb7 37. Rd6 1-0